00317nam a2200109Ia 4500008004000000020001800040082001300058100000600071245008600077260003600163300000800199210210b1976 xxu||||| |||| 00| 0 eng d a0 671 80815 X a082 RIPL a- aRipley's believe it or not ! book of Americana surprising sidelights of history!. aNew York.bPocket Books.,c1976 a190